| 000 | 00418nam a2200157Ia 4500 | ||
|---|---|---|---|
| 005 | 20250620145544.0 | ||
| 008 | 231217s9999 xx 000 0 und d | ||
| 020 | _a9738131408797 | ||
| 082 | _a658.827 SIN;1 R | ||
| 100 | _aSingh, Amit Kumar ed. | ||
| 245 | 0 | _aGlobal branding : perspectives and challenges | |
| 260 |
_c2007 _bIcfai _aHyderabad |
||
| 300 | _axii, 221 | ||
| 650 | _aGlobal,branding | ||
| 942 | _cAA | ||
| 999 |
_c187438 _d187438 |
||